<?xml version="1.0" encoding="UTF-8"?><?xml-stylesheet type="text/xsl" href="static/style.xsl"?><OAI-PMH xmlns="http://www.openarchives.org/OAI/2.0/" xmlns:xsi="http://www.w3.org/2001/XMLSchema-instance" xsi:schemaLocation="http://www.openarchives.org/OAI/2.0/ http://www.openarchives.org/OAI/2.0/OAI-PMH.xsd"><responseDate>2026-04-17T03:34:29Z</responseDate><request verb="GetRecord" identifier="oai:www.recercat.cat:2072/472871" metadataPrefix="marc">https://recercat.cat/oai/request</request><GetRecord><record><header><identifier>oai:recercat.cat:2072/472871</identifier><datestamp>2024-11-04T07:06:36Z</datestamp><setSpec>com_2072_98</setSpec><setSpec>col_2072_378192</setSpec></header><metadata><record xmlns="http://www.loc.gov/MARC21/slim" xmlns:dcterms="http://purl.org/dc/terms/" xmlns:xsi="http://www.w3.org/2001/XMLSchema-instance" xmlns:doc="http://www.lyncode.com/xoai" xsi:schemaLocation="http://www.loc.gov/MARC21/slim http://www.loc.gov/standards/marcxml/schema/MARC21slim.xsd">
   <leader>00925njm 22002777a 4500</leader>
   <datafield ind2=" " ind1=" " tag="042">
      <subfield code="a">dc</subfield>
   </datafield>
   <datafield ind2=" " ind1=" " tag="720">
      <subfield code="a">Pessarrodona, Aurèlia</subfield>
      <subfield code="e">author</subfield>
   </datafield>
   <datafield ind2=" " ind1=" " tag="260">
      <subfield code="c">2006</subfield>
   </datafield>
   <datafield ind2=" " ind1=" " tag="520">
      <subfield code="a">Miguel Querol es conocido sobre todo como musicólogo, pero uno de los temas que más le interesó fue la filosofía y, en concreto, el pensamiento estético y musical. En este aspecto, Querol sintió especial predilección por Joan Maragall, sobre quien hizo diversos artículos y del que musicó algunos poemas, entre los cuales destaca el Cant espiritual. En este trabajo, a partir del análisis y la comparación entre los postulados estéticos de Querol y Maragall y los recursos musicales del Cant espiritual, se estudia cómo esta pieza sintetiza el pensamiento y estilo de ambos autores, convirtiéndose en una reflexión sobre el arte, la capacidad creativa del hombre y el ser humano en sí.</subfield>
   </datafield>
   <datafield ind2=" " ind1=" " tag="520">
      <subfield code="a">Miguel Querol is mainly known as musicologist, although he was deeply interested in Philosophy and, specifically, in aes-thetics and music thought. In this field, he wrote several articles on Joan Maragall, one of his favourite poets, besides vocal musicbased on texts by him, noteworthy the Cant espiritual. In this work we study how the latter piece synthesizes the style and think-ing of both artists, becoming a reflection on art, creativity and the human being. Our approach is based on the analysis and com-parison between the aesthetic postulates adopted by Querol and Maragall and the musical resources of Cant espiritual.</subfield>
   </datafield>
   <datafield ind1="8" ind2=" " tag="024">
      <subfield code="a">http://hdl.handle.net/2072/472871</subfield>
   </datafield>
   <datafield ind2="0" ind1="0" tag="245">
      <subfield code="a">Vínculos estéticos entre Miguel Querol y Joan Maragall en el "Cant Espiritual"</subfield>
   </datafield>
</record></metadata></record></GetRecord></OAI-PMH>